Pilotes de Formule 1 en 2009 - Statistiques

Statistiques générales
  • Ce quiz a été pris 31 fois
  • Le résultat moyen est 17 sur 26
Statistiques - réponses
Ecurie Numéro Nationalité Nom du pilote Grand Prix disputés % Correct
Mclaren 1 Britannique Hamilton Tous
96%
Ferrari 3 Brésilien Massa De Melbourne à Budapest (où il a connu un grave accident en qualifications)
96%
Brawn GP 22 Britannique Button Tous
93%
Renault 7 Espagnol Alonso Tous
89%
BMW 5 Polonais Kubica Tous
86%
Ferrari 4 Finlandais Raikkonen Tous
86%
Redbull 15 Allemand Vettel Tous
79%
Brawn GP 23 Brésilien Barrichello Tous
75%
Ferrari 3 Italien Fisichella De Monza à Abu Dhabi
71%
Force India 21 Italien Fisichella De Melbourne à Spa-Francorchamps
71%
Mclaren 2 Finlandais Kovalainen Tous
71%
Renault 8 Brésilien Piquet De Melbourne à Budapest
71%
Redbull 14 Australien Webber Tous
71%
Renault 8 Français Grosjean De Valence à Abu Dhabi
68%
Toyota 10 Japonais Kobayashi Interlagos et Abu Dhabi
68%
Toyota 9 Italien Trulli Tous
64%
Toro Rosso 12 Suisse Buemi Tous
61%
Williams 16 Allemand Rosberg Tous
61%
BMW 6 Allemand Heidfeld Tous
50%
Force India 20 Allemand Sutil Tous
50%
Ferrari 3 Italien Badoer Valence et Spa-Francorchamps
46%
Toro Rosso 11 Français Bourdais De Melbourne à Nurburgring
46%
Toro Rosso 11 Espagnol Alguersuari De Budapest à Abu Dhabi
39%
Toyota 10 Allemand Glock De Melbourne à Suzuka
39%
Force India 21 Italien Liuzzi De Monza à Abu Dhabi
39%
Williams 17 Japonais Nakajima Tous
39%
Aucun quiz correspondant
Distribution des résultats
% des personnes avec chaque résultat
Percentile par nombre de réponses
Votre historique - résultats
Vous n’avez pas pris ce quiz